Statistics for Name a valid city with over 1,000,000 People

Click here to take the quiz!

General Stats

  • This quiz has been taken 36 times
  • The average score is 9 of 15

Answer Stats

HintAnswer% Correct
Hosted one of the first 20 Olympic gamesParis | London | Berlin | Los Angeles | Rome | Melbourne | Rome | Tokyo | Mexico City | Munich
93%
On a different island than its country's capital
Sapporo | Hiroshima | Davao City | Medan | Batam | | Palembang | Makassar
90%
Cities with 4 or less letters
Baku | Ufa | Perm | Pune | Agra | Xian | Zibo | Baku | Giza | Qom | Omsk | Fez | Leon | Cali | Lima | Kano | Kiev | Abha | Rome | Kobe
87%
In an island nation that was colonized by the SpanishHavana | Santo Domenico | Manilla | Quezon City | Davao City
87%
Higher population than their capital city
Toronto | Calgary | Montreal | New York | San Jose | Philadelphia | San Francisco | San Diego | Phoenix | Dallas | San Antonio | Rio de Janeiro | Sao Paulo | Santa Cruz | Bujumbura | Douala | Shanghai | Chongqing | Guayaquil | Mumbai | Delhi | Bangalore | Hyderabad | Ahmedabad | Chennai | Kolkata | Surat | Pune | Jaipur | Lucknow | Kanpur | Nagpur | Abidjan | Almaty | Casablanca | Fez | Yangon | Mandalay | Auckland | Lagos | Kano | Ibadan | Lagos | Benin City | Port Hancourt | Auckland | Karachi | Faisalabad | Lahore | Srinagar | Multan | Peshawar | Quezon City | Johannesburg | Dar es Salaam | Istanbul | Dubai | Ho Chi Minh City | Douala
87%
Has 3 or more As in its nameAddis Ababa | Sanaa | Jakarta | Saitama | | Ahmedabad | Islamabad | Vasai-Virar | Faridabad | Faisalabad | Ghaziabad | Allahabad | Ashgabat | Varanasi | Mandalay | Vadodara | Gujranwala | Samara | Ankara | Alexandria | Kampala | Antananarivo | Makassar | Casablanca | Guadalajara | Managua | Caracas | Barranqualla
70%
Was once part of the French EmpireHanoi | Haiphong | Ho Chi Minh City | Aleppo | Damascus | Beirut | Algiers | Fez | Casablanca | Niamey | Ouagadougou | Dakar | Conakry | Abidjan | Yaoundé | Douala | Brazzaville | Montreal | Toronto | Chicago
70%
Over 2000 meters above sea level
Quito | Bogota | Addis Ababa | Asmara | Arequipa | Sanaa | Mexico City | Puebla
70%
Is 1000 km away from the next city with over 1 million peopleCalgary | Auckland | Perth | Tripoli | Antananarivo | Cape Town | Davao City | Santo Domenico | Havana
60%
Was occupied by the Central powers in WW1Warsaw | Bucharest | Odessa | Kiev | Kharkiv
50%
The 5th biggest in their continentChicago | Santiago | Lunada | Berlin | Mumbai | Auckland
43%
The biggest city in its timezone but under 5 million peopleLos Angeles | Phoenix | Manaus | Baku | Kathmandu | Auckland | Kabul | Brisbene
43%
Borders the western coast of the Indian OceanMogadishu | Daar es Saleem | Maputo | Durban
33%
Contains special characters in its name or an accentCiudad Juarez | Belem | Rio de Janeiro | Sao Paulo | Maceio | Cordoba | Leon | Bogota | Medellín | Urumqi | Xian | Sao Luis
27%
City is 10x bigger than the next biggest cityMonrovia | Khartoum | Colombo | Pheon Penh | Yerevan | Kuwait City | Hungary | Managua | Kathmandu
7%

Score Distribution

Percentile by Number Answered

Percent of People with Each Score

Your Score History

You have not taken this quiz